| 000 | 00943cam a2200301 i 4500 | ||
|---|---|---|---|
| 001 | 017380459 | ||
| 003 | EG-ScBUE | ||
| 005 | 20240428114204.0 | ||
| 008 | 150427s2015 enka frb 001 0 eng d | ||
| 020 | _a9781137387431 | ||
| 040 |
_aStDuBDS _beng _erda _cStDuBDS _dEG-ScBUE |
||
| 043 |
_ama----- _aa-is--- |
||
| 082 | 0 | 4 |
_a956.04 _222 _bFRA |
| 100 | 1 |
_aFraser, T. G., _eauthor. |
|
| 245 | 1 | 4 |
_aThe Arab-Israeli conflict / _cT. G. Fraser. |
| 250 | _aFourth edition. | ||
| 264 | 1 |
_aLondon ; _aNew York : _bPalgrave Macmillan, _c2015. |
|
| 300 |
_axv, 244 pages : _billustrations ; _c22 cm |
||
| 336 |
_2rdacontent _atext _btxt |
||
| 337 |
_aunmediated _2rdamedia _bn |
||
| 338 |
_avolume _bnc _2rdacarrier |
||
| 500 | _aPrevious edition : 2008. | ||
| 504 | _aIncludes bibliographical references and index. | ||
| 650 | 7 |
_aArab-Israeli conflict. _2BUEsh _92523 |
|
| 653 |
_bBUSBOL _cDecember2016 |
||
| 655 | _vReading book | ||
| 942 |
_2ddc _cBB |
||
| 999 |
_c23552 _d23524 |
||